000
00307nam a2200133Ia 4500
008
240624s9999 xx 000 0 und d
041
_a
eng
082
_a
658.155 BEL
100
_a
BELL DAVID E
245
_a
RISK MANAGEMENT
260
_c
1955
_a
Singapore
_b
Thomson Asia
300
_a
xvi, : 263
365
_c
RS
999
_c
2059
_d
2059